| 000 | 04279nam a2200577 i 4500 | ||
|---|---|---|---|
| 001 | BDZ0055298498 | ||
| 003 | StDuBDS | ||
| 005 | 20241030120713.0 | ||
| 006 | m|||||o||d|||||||| | ||
| 007 | cr ||||||||||| | ||
| 008 | 240524t20242024enk fo 001|0 eng|d | ||
| 020 |
_a9781915469922 (ebook) : _c38.99 |
||
| 020 |
_z9781915469847 (pbk.) : _cNo price |
||
| 040 |
_aStDuBDS _beng _erda _epn _cStDuBDS _dStDuBDSZ |
||
| 050 | 4 |
_aKD829.P7 _bH4 2024 |
|
| 072 | 7 |
_aLAW _2ukslc |
|
| 072 | 7 |
_aLN _2bicssc |
|
| 072 | 7 |
_aLNS _2bicssc |
|
| 072 | 7 |
_aLR _2bicssc |
|
| 072 | 7 |
_aLN _2thema |
|
| 072 | 7 |
_aLNS _2thema |
|
| 072 | 7 |
_aLX _2thema |
|
| 072 | 7 |
_aVSD _2thema |
|
| 082 | 0 | 4 |
_a346.42043 _223 |
| 100 | 1 |
_aHarris, Clare, _eauthor. |
|
| 245 | 1 | 0 |
_aProperty law and practice. _h[electronic resource]. |
| 250 |
_a2024/25 [edition] / _bClare Harris and Anne Rodell. |
||
| 264 | 1 |
_aGuildford : _bCollege of Law Publishing, _c[2024] |
|
| 264 | 4 | _c2024 | |
| 300 | _a1 online resource. | ||
| 336 |
_atext _2rdacontent |
||
| 337 |
_acomputer _2rdamedia |
||
| 338 |
_aonline resource _2rdacarrier |
||
| 366 |
_b20240630 _cAvailable |
||
| 490 | 1 | _aCLP legal practice guides | |
| 500 | _aPrevious edition: 2023. | ||
| 500 | _aIncludes index. | ||
| 505 | 0 | _aEssential Background -- -- Introduction to Property Law and Practice -- -- Outline of a Simple Transaction -- -- Underlying Land Law Principles - Rights and Interests -- -- Underlying Land Law Principles - Registered and Unregistered Land -- -- Conduct Issues Relevant to Conveyancing -- -- Property Taxation -- -- Town and Country Planning, Building Regulations and Related Matters -- -- -- -- The Conveyancing Transaction: Initial Stages -- -- Marketing the Property and Taking Instructions -- -- Finance for the Buyer -- -- Advising Joint Buyers -- -- Fixtures and Fittings -- -- Surveys -- -- Action Following Instructions -- -- -- -- The Conveyancing Transaction: Procedure Leading to Exchange -- -- Deduction of Title -- -- Investigation of Title - How to Investigate Title -- -- Investigation of Title - Problems and Worked Examples -- -- Searches and Enquiries Before Contract -- -- The Draft Contract -- -- Conditional Contracts and Options -- -- The Mortgage -- -- The Deposit -- -- Insurance -- -- Preparing to Exchange -- -- Exchange of Contracts -- -- -- -- The Conveyancing Transaction: After Exchange -- -- The Consequences of Exchange -- -- Request for Completion Information -- -- The Transfer Deed -- -- Pre-completion Searches -- -- Preparing for Completion -- -- -- -- The Conveyancing Transaction: Completion and Post-completion -- -- Completion -- -- After Completion -- -- -- -- Delay and Remedies -- -- Late Completion -- -- Remedies -- -- -- -- Leaseholds -- -- Introduction to Leasehold Property -- -- The Grant of a Lease -- -- The Assignment of a Lease -- -- Drafting Leases -- -- Flat Management Schemes and Service Charge Provisions -- -- Rent Review in Commercial Leases -- -- Landlord and Tenant Act 1954, Part II -- -- -- -- Sales of Part and New Properties -- -- Sales of Part -- -- New Properties -- -- Appendices | |
| 520 | 8 |
_a'Property Law and Practice' provides a detailed examination of the processes involved in freehold and leasehold property transactions, clearly addressing the issues that arise in both the residential and commercial fields. _bProperty Law and Practice provides a detailed examination of the processes involved in freehold and leasehold property transactions, clearly addressing the issues that arise in both the residential and commercial fields. It deals with all the issues confronting the practitioner on a day-to-day basis to provide a complete overview of modern conveyancing practice. |
|
| 588 | _aDescription based on information supplied online (viewed on September 7, 2024). | ||
| 650 | 0 | _aEBOOK | |
| 650 | 0 | _aLANDLORD AND TENANT | |
| 650 | 7 | _aLAND LAW | |
| 650 | 7 | _aLEASEHOLD PROPERTY | |
| 650 | 7 | _aRENT REVIEWS | |
| 700 | 1 |
_aRodell, Anne, _eauthor. |
|
| 776 | 0 | 8 |
_iPrint version : _z9781915469847 |
| 830 | 0 | _aCLP legal practice guides. | |
| 856 | 4 | 0 |
_uhttps://www.vlebooks.com/product/openreader?id=RICS&accId=9491556&isbn=9781915469922 _zAvailable on VLeBooks (email [email protected] if you do not have a login) |
| 942 | _2ddc | ||
| 999 |
_c122039 _d122039 |
||